Geography Shmeography Quiz Stats

 Plays Quiz Updated May 30, 2014

Support Sporcle.
Go Orange.
Score 0/23 Timer 04:00
0 Plays Today
% Correct
Ratigan in Vatican City
92.2%
Whedon in Sweden
91.1%
Lance in France
90.7%
Abu in Peru
90.6%
The Brain in Ukraine
90.2%
Barack O. in Morocco
89.6%
Katie in Haiti
89.1%
WALL-E in Mali
88.8%
Big Willie in Chile
87.9%
Gordon in Jordan
86.4%
Cyrus in Cyprus
84.6%
Diane in Iran
84%
% Correct
Brad in Chad
83.7%
House in Laos
83.2%
Dan Marino in San Marino
81.6%
Cleese in Greece
79.8%
Rhonda in Rwanda
79.8%
Dean in Benin
75.2%
Deschanel in Seychelles
73.8%
Caine in Spain
73.7%
Annyong in Hong Kong
66.7%
Howie in Malawi
66.1%
George in Georgia
62%

From the Vault

Sports Illustrated Covers (1970s)

by zalkon2004

Sports 7m
You can have Ali again as long as it means we won't have to get in the ring with you.
Remove Ads.
Support Sporcle.
Get the best of Sporcle when you Go Orange. This ad-free experience offers more features, more stats, and more fun while also helping to support Sporcle. Thank you for becoming a member.

Show Comments

Extras

Top Quizzes Today


Score Distribution

Your Account Isn't Verified!

In order to create a playlist on Sporcle, you need to verify the email address you used during registration. Go to your Sporcle Settings to finish the process.

Report this User

Report this user for behavior that violates our Community Guidelines.

Details: